Gayslayer! The story of How Dan White Killed Harvey Milk And George Moscone & Got Away with Murder /

সংরক্ষণ করুন:
গ্রন্থ-পঞ্জীর বিবরন
প্রধান লেখক: Hinckle, Warren
বিন্যাস: গ্রন্থ
ভাষা:ইংরেজি
প্রকাশিত: Virginia City (Nevada) Silver Dollar Book 1985
ট্যাগগুলো: ট্যাগ যুক্ত করুন
কোনো ট্যাগ নেই, প্রথমজন হিসাবে ট্যাগ করুন!

MARC

LEADER 00000nam a2200000 4500
001 CDOM0000000778
003 mi
005 20250821200104.0
008 250821b |||||||| |||| 00| 0 eng d
020 |a 0-933839-01-4 
040 |c mi 
100 |a Hinckle, Warren 
245 1 |a Gayslayer!  |b The story of How Dan White Killed Harvey Milk And George Moscone & Got Away with Murder /  |c Warren Hinckle 
260 |a Virginia City (Nevada)  |b Silver Dollar Book  |c 1985 
300 |a 100 p.  |c ill. (in parte col.)  |c 23x20 cm. 
500 |a In copertina: INCLUDES: Twelve Full Color Pages From Harvey Milk's Photo Collection. 
942 |2 ddc  |c BK 
952 |0 0  |1 0  |2 ddc  |4 0  |6 B_SST03HINWAGAY11  |7 0  |9 8111  |a MI  |b MI  |d 2005-07-22  |i 4839  |l 0  |o B-SST03-HINWA-GAY11  |p CDOM4839  |r 2025-07-17 21:50:20  |w 2025-07-17  |x ACQUISTO  |y BK 
999 |c 6795  |d 6795